| 000 | 01043nam a2200229 i 4500 | ||
|---|---|---|---|
| 999 |
_c7961 _d7961 |
||
| 001 | 991058478168306706 | ||
| 003 | OSt | ||
| 005 | 20241107164457.0 | ||
| 006 | m o d | | ||
| 007 | cr ||||||||||| | ||
| 008 | 201029s2019 sp a ob 000 0 spa d | ||
| 040 |
_aCDMR _cCDMR _bcat |
||
| 110 | 2 |
_93210 _aUniversitat Pompeu Fabra _b -- Grup de Recerca en Comunicació Política, Periodisme i Democràcia (POLCOM-GRP) |
|
| 245 | 1 | 0 |
_aPeriodisme i política durant la Transició _b: Antonio Franco i la direcció de diaris : seminari _c/ Grup de Recerca en Comunicació Política, Periodisme i Democràcia (POLCOM-GRP) |
| 260 |
_aBarcelona _b: Universitat Pompeu Fabra, _c2024 |
||
| 300 | _a1 recurs electrònic (40 pàgines) | ||
| 505 | _aResultat del seminari celebrat el 22 de gener de 2024 a la Facultat de Comunicació de la UPF | ||
| 600 | 1 | 0 |
_91202 _aFranco, Antonio |
| 650 | 0 |
_aEspanya _93703 _xHistòria _y1975-1982, Transició |
|
| 856 |
_zAccés en línia _uhttps://repositori.upf.edu/handle/10230/61287 |
||
| 942 |
_2udc _cRECURS_WEB |
||